Every 100k+ City in the South Central States on a Map - Statistics

General Stats
  • This quiz has been taken 604 times
    520 since last reset
  • The average score is 45 of 63
Answers on the Map
Answers color-coded by a green-red scale on the quiz's map according to % correct below.
 
Answer Stats
Population City % Correct
1,288,457 Dallas
98%
2,288,250 Houston
98%
964,177 Austin
97%
678,415 El Paso
97%
628,127 Memphis
97%
678,851 Nashville
97%
376,971 New Orleans
97%
687,725 Oklahoma City
97%
222,185 Baton Rouge
96%
935,508 Fort Worth
96%
1,451,853 San Antonio
96%
201,998 Little Rock
95%
411,401 Tulsa
95%
149,761 Jackson
94%
197,575 Birmingham
93%
628,594 Louisville
93%
198,665 Montgomery
93%
184,952 Mobile
92%
192,648 Knoxville
90%
317,773 Corpus Christi
89%
321,793 Lexington
89%
260,993 Lubbock
87%
216,963 Huntsville
86%
201,234 Amarillo
85%
182,113 Chattanooga
84%
392,786 Arlington
82%
184,021 Shreveport
82%
187,831 Brownsville
81%
256,153 Laredo
81%
139,594 Waco
80%
121,771 Lafayette
79%
143,920 McAllen
77%
288,253 Plano
75%
100,618 Tuscaloosa
68%
242,035 Garland
67%
254,198 Irving
66%
131,325 Midland
66%
112,483 Odessa
66%
116,330 Broken Arrow
62%
210,719 Frisco
61%
170,957 Clarksville
60%
128,097 Norman
60%
125,070 Abilene
57%
157,519 Murfreesboro
57%
112,556 Beaumont
56%
120,019 College Station
56%
148,626 Pasadena
54%
102,988 Wichita Falls
54%
156,261 Killeen
53%
202,690 McKinney
53%
107,192 Tyler
53%
197,347 Grand Prairie
52%
148,146 Denton
50%
109,373 Sugar Land
48%
147,691 Mesquite
47%
123,876 Round Rock
44%
106,874 Allen
42%
125,990 Pearland
41%
133,251 Carrollton
39%
115,595 League City
36%
102,483 Edinburg
35%
116,382 Richardson
31%
112,944 Lewisville
28%
No matching quizzes found
Score Distribution
Percent of People with Each Score
Percentile by Number Answered
Your Score History
You have not taken this quiz since the last reset